[Event "Sydney International Open"]
[Site "Parramatta, NSW"]
[Date "2010.04.10"]
[Round "7.19"]
[White "Zulfic, Fedja"]
[Black "Monir, Arman"]
[Result "0-1"]
[WhiteElo "2008"]
[BlackElo "2139"]
[PlyCount "126"]
[EventDate "2010.04.07"]
[EventType "swiss"]
[EventRounds "9"]
[EventCountry "AUS"]
[SourceDate "2010.04.07"]

1. c4 Nf6 2. Nc3 g6 3. e4 d6 4. d4 Bg7 5. Nf3 O-O 6. Be3 b6 7. Be2 Bb7 8. d5 c5
9. O-O Ng4 10. Bf4 Nd7 11. h3 Nge5 12. Bh2 Nxf3+ 13. Bxf3 Ne5 14. Be2 Ba6 15.
Qa4 Bc8 16. f4 Nd7 17. Rae1 Bd4+ 18. Kh1 e5 19. Qc6 Ba6 20. Qxd6 Qe8 21. f5 Rd8
22. Qc6 Nb8 23. Qf6 Nd7 24. Qh4 f6 25. Nd1 Kg7 26. b3 g5 27. Qh5 Qxh5 28. Bxh5
b5 29. cxb5 Bxb5 30. Be2 Rb8 31. Bxb5 Rxb5 32. Re2 a5 33. Nb2 Bxb2 34. Rxb2 a4
35. Rc1 Rfb8 36. Bg1 Kf7 37. Rbc2 axb3 38. axb3 Rc8 39. b4 Rxb4 40. Bxc5 Rxe4
41. Bd6 Re1+ 42. Rxe1 Rxc2 43. Ra1 Nb6 44. Ra7+ Kg8 45. Rb7 Nxd5 46. Rb8+ Kf7
47. Rb7+ Ke8 48. Rxh7 e4 49. Ra7 e3 50. Ra1 Kd7 51. Bb8 Kc6 52. Re1 Kb5 53. g3
Kc4 54. h4 gxh4 55. gxh4 Kd3 56. h5 Rc8 57. Ba7 Rh8 58. Rd1+ Ke4 59. Rd4+ Ke5
60. Rh4 Kxf5 61. Kg2 e2 62. Kf2 Nf4 63. Be3 e1=Q+ 0-1

[Event "Sydney International Open"]
[Site "Parramatta, NSW"]
[Date "2010.04.10"]
[Round "7.20"]
[White "Castor, David"]
[Black "Smirnov, Anton"]
[Result "1/2-1/2"]
[WhiteElo "2131"]
[BlackElo "1868"]
[PlyCount "116"]
[EventDate "2010.04.07"]
[EventType "swiss"]
[EventRounds "9"]
[EventCountry "AUS"]
[SourceDate "2010.04.07"]

1. d4 d5 2. c4 e6 3. Nc3 c6 4. cxd5 exd5 5. Nf3 Bd6 6. Bg5 f6 7. Bh4 Bf5 8. e3
Ne7 9. Bg3 O-O 10. Bd3 Re8 11. Qc2 Bxd3 12. Qxd3 Na6 13. a3 Ng6 14. Bxd6 Qxd6
15. O-O Nc7 16. b4 Ne6 17. b5 Rac8 18. Rfc1 c5 19. dxc5 Rxc5 20. Ne4 Rxc1+ 21.
Rxc1 Qd8 22. Nc3 Nc7 23. Rd1 Ne5 24. Nxe5 Rxe5 25. e4 d4 26. Qc4+ Kh8 27. f4
Re7 28. Qxd4 Qxd4+ 29. Rxd4 Ne6 30. Rc4 Kg8 31. Nd5 Rd7 32. Kf2 Kf7 33. Ke3 f5
34. a4 fxe4 35. Kxe4 b6 36. Ne3 Nc5+ 37. Kf3 Ke6 38. Ke2 g6 39. Nc2 Kf6 40. Nd4
Re7+ 41. Kf3 g5 42. f5 h5 43. h3 Re4 44. g3 g4+ 45. Kg2 Ke5 46. Nc6+ Kxf5 47.
Rxe4 Kxe4 48. a5 bxa5 49. Nxa5 Kd5 50. Nc6 gxh3+ 51. Kxh3 Ne4 52. Nxa7 Kc5 {
Black offered a draw.} 53. Kh4 Kb6 54. Nc8+ Kxb5 55. Nd6+ Nxd6 56. Kxh5 Ne4 57.
g4 Nf6+ 58. Kg6 Nxg4 1/2-1/2

[Event "Sydney International Open"]
[Site "Parramatta, NSW"]
[Date "2010.04.10"]
[Round "7.21"]
[White "Nakauchi, Gene"]
[Black "Gu, Sean"]
[Result "0-1"]
[WhiteElo "2119"]
[BlackElo "1819"]
[PlyCount "130"]
[EventDate "2010.04.07"]
[EventType "swiss"]
[EventRounds "9"]
[EventCountry "AUS"]
[SourceDate "2010.04.07"]

1. d4 Nf6 2. c4 c5 3. d5 b5 4. cxb5 a6 5. b6 d6 6. Nc3 Qxb6 7. Nf3 g6 8. a4 Bg7
9. a5 Qc7 10. Nd2 Nbd7 11. Nc4 O-O 12. e4 Ne8 13. Be2 Rb8 14. O-O Ne5 15. Nb6
e6 16. f4 Nd7 17. Nca4 Bb7 18. dxe6 fxe6 19. Bc4 Rf6 20. e5 Qc6 21. Bd5 exd5
22. Nxd7 Qxd7 23. exf6 Nxf6 24. Ra3 Ne4 25. Nb6 Qf7 26. Raf3 Qf5 27. Rd3 Nf6
28. Re1 d4 29. Rg3 Ne4 30. Qb3+ d5 31. Rf3 c4 32. Nxc4 dxc4 33. Qxc4+ Kh8 34.
Rb3 Nc5 35. Rb6 Rc8 36. Qe2 Be4 37. g4 Qd5 38. b4 d3 39. Qf2 Nb3 40. Bb2 d2 41.
Bxg7+ Kxg7 42. Rd1 Bf3 43. Qe3 Rc7 44. f5 Bxd1 45. f6+ Kf7 46. Qh6 Qd4+ 47. Kg2
Qxg4+ 48. Kf2 Qe2+ 49. Kg1 Qe1+ 50. Kg2 Bf3+ 51. Kh3 Bg4+ 52. Kg2 Qh1+ 53. Kg3
Qf3+ 54. Kh4 Qh3+ 55. Kg5 Qxh6+ 56. Kxh6 d1=Q 57. b5 Qd2+ 58. Kxh7 Kf8+ 59.
Kxg6 Qd3+ 60. Kg5 Qf5+ 61. Kh4 Qh5+ 62. Kg3 Rc3+ 63. Kg2 Qh3+ 64. Kg1 Rc1+ 65.
Kf2 Qf3# 0-1

[Event "Sydney International Open"]
[Site "Parramatta, NSW"]
[Date "2010.04.10"]
[Round "7.22"]
[White "McNamara, Gary"]
[Black "Cameron, Alistair"]
[Result "1/2-1/2"]
[WhiteElo "2117"]
[BlackElo "1862"]
[PlyCount "59"]
[EventDate "2010.04.07"]
[EventType "swiss"]
[EventRounds "9"]
[EventCountry "AUS"]
[SourceDate "2010.04.07"]

1. Nf3 Nf6 2. c4 g6 3. Nc3 d5 4. cxd5 Nxd5 5. Qa4+ Bd7 6. Qh4 Nxc3 7. dxc3 Nc6
8. Bg5 h6 9. e4 Bg7 10. Be3 e5 11. Qxd8+ Nxd8 12. O-O-O Bc6 13. Nd2 b5 14. a3
Ne6 15. f3 a5 16. b4 O-O 17. Nb3 axb4 18. axb4 Ra3 19. Kb2 Ra6 20. Na5 Be8 21.
Rd5 c6 22. Rd6 Nc7 23. g4 Kh7 24. Bh3 Rh8 25. Rhd1 Bf8 26. Rd8 c5 27. Kb3 Be7
28. Rc8 Ne6 29. Nb7 cxb4 30. cxb4 1/2-1/2

[Event "Sydney International Open"]
[Site "Parramatta, NSW"]
[Date "2010.04.10"]
[Round "7.23"]
[White "Grigg, Sam"]
[Black "Ly, Moulthun"]
[Result "0-1"]
[WhiteElo "1979"]
[BlackElo "2315"]
[PlyCount "34"]
[EventDate "2010.04.07"]
[EventType "swiss"]
[EventRounds "9"]
[EventCountry "AUS"]
[SourceDate "2010.04.07"]

1. c4 g6 2. Nc3 Bg7 3. e4 c5 4. d3 Nc6 5. Be3 d6 6. f4 Nf6 7. h3 O-O 8. Nf3 Nh5
9. Kf2 e5 10. fxe5 Nxe5 11. Be2 f5 12. Bg5 Nxf3 13. Bxd8 Bd4+ 14. Kxf3 fxe4+
15. Kxe4 Bf5+ 16. Kf3 Be6+ 17. Ke4 Ng3# 0-1

[Event "Sydney International Open"]
[Site "Parramatta, NSW"]
[Date "2010.04.10"]
[Round "7.24"]
[White "Maroroa, Sue"]
[Black "Shen, Daniel"]
[Result "0-1"]
[WhiteElo "1945"]
[BlackElo "2197"]
[PlyCount "82"]
[EventDate "2010.04.07"]
[EventType "swiss"]
[EventRounds "9"]
[EventCountry "AUS"]
[SourceDate "2010.04.07"]

1. e4 e5 2. Nf3 Nc6 3. Bc4 Bc5 4. O-O Nf6 5. d4 exd4 6. e5 d5 7. exf6 dxc4 8.
fxg7 Rg8 9. Re1+ Be6 10. Bg5 Qd7 11. Bf6 Be7 12. Bxe7 Qxe7 13. Nxd4 O-O-O 14.
Nxc6 bxc6 15. Qf3 Rxg7 16. Nc3 Qc5 17. b4 cxb3 18. axb3 Bg4 19. Qe3 Qxe3 20.
Rxe3 Rd2 21. Rc1 Rg6 22. Ne4 Rd5 23. c4 Re5 24. f4 Ra5 25. b4 Ra2 26. Nf2 Be6
27. Re5 Bxc4 28. f5 Rg8 29. g3 Bb5 30. Ne4 Re2 31. Rxb5 cxb5 32. Nd6+ Kb8 33.
Nxb5 Rd8 34. Nxc7 Rdd2 35. Na6+ Kb7 36. Nc5+ Kb8 37. Na6+ Kb7 38. Nc5+ Ka8 39.
Nb3 Rg2+ 40. Kf1 Rdf2+ 41. Ke1 Rb2 0-1

[Event "Sydney International Open"]
[Site "Parramatta, NSW"]
[Date "2010.04.10"]
[Round "7.25"]
[White "Yu, Sally"]
[Black "Yuan, Yi"]
[Result "0-1"]
[WhiteElo "1933"]
[BlackElo "2151"]
[PlyCount "52"]
[EventDate "2010.04.07"]
[EventType "swiss"]
[EventRounds "9"]
[EventCountry "AUS"]
[SourceDate "2010.04.07"]

1. e4 e5 2. Nf3 Nc6 3. Bb5 a6 4. Ba4 Nf6 5. O-O Nxe4 6. d4 b5 7. Bb3 d5 8. dxe5
Be6 9. c3 Bc5 10. Qe2 O-O 11. Be3 f6 12. exf6 Qxf6 13. Nbd2 Bd6 14. Nd4 Nxd4
15. Bxd4 Qh6 16. f4 Nxd2 17. Qxd2 Rxf4 18. Qe3 Rxf1+ 19. Kxf1 Rf8+ 20. Ke1 Bf4
21. Qe2 Bf7 22. Kd1 Re8 23. Qf3 Qh5 24. Bxd5 Qxd5 25. Qxf4 Qxg2 26. Qf2 Bh5+
0-1

[Event "Sydney International Open"]
[Site "Parramatta, NSW"]
[Date "2010.04.10"]
[Round "7.26"]
[White "Jackson, Ralph"]
[Black "Perera, Pasan"]
[Result "1/2-1/2"]
[WhiteElo "2081"]
[BlackElo "1575"]
[PlyCount "96"]
[EventDate "2010.04.07"]
[EventType "swiss"]
[EventRounds "9"]
[EventCountry "AUS"]
[SourceDate "2010.04.07"]

1. d4 Nf6 2. Nf3 d5 3. e3 c6 4. b3 Bf5 5. Bb2 e6 6. Nbd2 Nbd7 7. Ne5 Qa5 8. a3
Bd6 9. Bd3 Bxe5 10. dxe5 Ng4 11. Bxf5 exf5 12. Qf3 Ngxe5 13. Qxf5 Qc7 14. h4 h5
15. Nf3 Nxf3+ 16. gxf3 f6 17. Qe6+ Kf8 18. O-O-O Nc5 19. Qf5 Qd7 20. Qg6 Rh6
21. Qg3 Ne6 22. Rhg1 Qc7 23. f4 Rd8 24. Qf3 Nc5 25. Rg2 Ne4 26. Rdg1 Rh7 27.
Qe2 Qf7 28. Qd3 Kg8 29. f3 Nd6 30. Rg6 Ne8 31. e4 d4 32. e5 fxe5 33. fxe5 Qf4+
34. Kb1 Qxe5 35. R1g5 Qe1+ 36. Ka2 Qxh4 37. Qc4+ Kf8 38. Qc5+ Kf7 39. Qc4+ Rd5
40. Rxd5 cxd5 41. Qd3 Rh6 42. Rxh6 gxh6 43. Bxd4 Nf6 44. Bxf6 Qxf6 45. Qxd5+
Kg6 46. Qxb7 Qf5 47. Qa6+ Kg5 48. Qe2 h4 1/2-1/2

[Event "Sydney International Open"]
[Site "Parramatta, NSW"]
[Date "2010.04.10"]
[Round "7.27"]
[White "Holland, Dennis"]
[Black "Milligan, Helen"]
[Result "1/2-1/2"]
[WhiteElo "1944"]
[BlackElo "2016"]
[PlyCount "73"]
[EventDate "2010.04.07"]
[EventType "swiss"]
[EventRounds "9"]
[EventCountry "AUS"]
[SourceDate "2010.04.07"]

1. d4 Nf6 2. Nf3 g6 3. Nbd2 Bg7 4. e4 d6 5. c3 O-O 6. Bd3 Nbd7 7. O-O e5 8.
dxe5 dxe5 9. Nc4 Qe7 10. Qe2 Nh5 11. Bg5 f6 12. Be3 Nf4 13. Bxf4 exf4 14. Rfe1
Ne5 15. Ncxe5 fxe5 16. Bc4+ Kh8 17. Rad1 Bg4 18. h3 Bh5 19. Rd3 Rad8 20. Red1
Bf6 21. Rxd8 Rxd8 22. Rxd8+ Qxd8 23. Qd3 Qxd3 24. Bxd3 g5 25. Nd2 Kg7 26. Bc4
Kf8 27. f3 Ke7 28. Kf2 c6 29. Ke2 b5 30. Bg8 h6 31. b4 Kd7 32. c4 Be7 33. c5 a5
34. a3 a4 35. Nf1 Bg6 36. Nh2 h5 37. Kd3 1/2-1/2

[Event "Sydney International Open"]
[Site "Parramatta, NSW"]
[Date "2010.04.10"]
[Round "7.28"]
[White "Lee, Bryan"]
[Black "Ilic, Ilija"]
[Result "1/2-1/2"]
[WhiteElo "1930"]
[BlackElo "2009"]
[PlyCount "99"]
[EventDate "2010.04.07"]
[EventType "swiss"]
[EventRounds "9"]
[EventCountry "AUS"]
[SourceDate "2010.04.07"]

1. e4 d6 2. d4 Nf6 3. Nc3 g6 4. f4 c6 5. Nf3 Bg7 6. Bd3 O-O 7. O-O b5 8. a3 a5
9. Kh1 Ba6 10. e5 dxe5 11. fxe5 Nd5 12. Ne4 b4 13. Nc5 Bc8 14. Bd2 Qb6 15. Qe1
Nd7 16. axb4 Nxc5 17. dxc5 Qb8 18. c4 Nc7 19. Be4 Ra6 20. Nd4 Bd7 21. Rxa5 Rxa5
22. bxa5 Qxb2 23. Bc3 Qb7 24. Qg3 Ne6 25. Nxe6 Bxe6 26. Rb1 Qa6 27. Qf3 Qxc4
28. Bxc6 Qxc5 29. a6 Bc4 30. Bb7 Bh6 31. Bb4 Qb6 32. Qe4 Bxa6 33. Bxe7 Bxb7 34.
Qxb7 Qxb7 35. Rxb7 Re8 36. Bf6 Bg7 37. Bxg7 Kxg7 38. Rb5 Kh6 39. g3 Kg5 40. Rb7
Rf8 41. Re7 h5 42. Kg2 Kf5 43. Kf3 g5 44. h3 Kg6 45. g4 h4 46. Rd7 Re8 47. Rd6+
Kg7 48. Ke4 Ra8 49. Rd3 Kg6 50. Rd6+ 1/2-1/2

[Event "Sydney International Open"]
[Site "Parramatta, NSW"]
[Date "2010.04.10"]
[Round "7.29"]
[White "Tan, Kevin"]
[Black "Bennett, Hilton"]
[Result "1-0"]
[WhiteElo "1882"]
[BlackElo "2001"]
[PlyCount "57"]
[EventDate "2010.04.07"]
[EventType "swiss"]
[EventRounds "9"]
[EventCountry "AUS"]
[SourceDate "2010.04.07"]

1. e4 d5 2. exd5 Nf6 3. d4 Bg4 4. Be2 Bxe2 5. Qxe2 Qxd5 6. Nf3 Nc6 7. O-O O-O-O
8. c4 Nxd4 9. Nxd4 Qxd4 10. Nc3 Qd3 11. Qe5 Qd6 12. Qa5 Qb6 13. Qe5 e6 14. Nb5
Bd6 15. Nxd6+ Qxd6 16. Qa5 Ng4 17. g3 Qb6 18. Qg5 Qd4 19. Bf4 f5 20. Qe7 Qd7
21. Qc5 b6 22. Qa3 Kb7 23. c5 Qd3 24. c6+ Kb8 25. Bxc7+ Kxc7 26. Qxa7+ Kxc6 27.
Rac1+ Kd6 28. Qc7+ Kd5 29. Rfd1 1-0

[Event "Sydney International Open"]
[Site "Parramatta, NSW"]
[Date "2010.04.10"]
[Round "7.30"]
[White "Stead, Kerry"]
[Black "Chen, Peng Yu"]
[Result "1-0"]
[WhiteElo "2087"]
[BlackElo "1934"]
[PlyCount "113"]
[EventDate "2010.04.07"]
[EventType "swiss"]
[EventRounds "9"]
[EventCountry "AUS"]
[SourceDate "2010.04.07"]

1. d4 f5 2. e4 fxe4 3. Nc3 Nf6 4. f3 d5 5. Bg5 c6 6. Bxf6 exf6 7. fxe4 dxe4 8.
Nxe4 Be7 9. Bc4 Bf5 10. Ng3 Bg6 11. Nf3 Nd7 12. O-O Nb6 13. Bb3 Qc7 14. Be6 Nd5
15. Qd2 Nf4 16. Bb3 O-O-O 17. Nh4 Nd5 18. Nhf5 Bd6 19. Bxd5 cxd5 20. Nxd6+ Qxd6
21. Nf5 Bxf5 22. Rxf5 Rhe8 {Black offered a draw.} 23. c3 Kb8 24. Re1 Re6 25.
Rf3 Rde8 26. Rfe3 Re4 27. g3 f5 28. Rxe4 fxe4 29. Qg5 Qd7 30. Rf1 e3 31. Re1 e2
32. Qf4+ Ka8 33. Qf3 Qe7 34. Kg2 Qe6 35. Kf2 Qh3 36. Kg1 Qe6 {
Black offered a draw.} 37. Kg2 a6 38. h3 Ka7 39. g4 Re7 40. b3 Qe3 41. Qxe3
Rxe3 42. c4 Re4 43. cxd5 Rxd4 44. Rxe2 Rxd5 45. Re7 g6 46. Rxh7 Rd2+ 47. Kf3
Rxa2 48. Rd7 Ra3 49. Rd3 a5 50. Ke4 g5 51. h4 gxh4 52. g5 Ra1 53. Kf5 Rg1 54.
g6 b5 55. Rh3 Rf1+ 56. Ke6 Rg1 57. Kf7 1-0

[Event "Sydney International Open"]
[Site "Parramatta, NSW"]
[Date "2010.04.10"]
[Round "7.31"]
[White "Stojic, Svetozar"]
[Black "Christensen, Joshua"]
[Result "1-0"]
[WhiteElo "2013"]
[BlackElo "1838"]
[PlyCount "59"]
[EventDate "2010.04.07"]
[EventType "swiss"]
[EventRounds "9"]
[EventCountry "AUS"]
[SourceDate "2010.04.07"]

1. e4 c6 2. d4 d5 3. Nd2 dxe4 4. Nxe4 Bf5 5. Ng3 Bg6 6. Nf3 Nd7 7. h4 h6 8. h5
Bh7 9. Bd3 Bxd3 10. Qxd3 e6 11. Bf4 Ngf6 12. c4 Qa5+ 13. Bd2 Qc7 14. Ne4 Be7
15. O-O-O O-O-O 16. g3 Nxe4 17. Qxe4 Nf6 18. Qc2 Ng4 19. Kb1 Kb8 20. Rhe1 Ka8
21. Bc3 Rd7 22. d5 cxd5 23. cxd5 exd5 24. Rd4 Nf6 25. Ne5 Bc5 26. Nxd7 Bxd4 27.
Nxf6 Bxf6 28. Bxf6 Qxc2+ 29. Kxc2 gxf6 30. Re7 1-0

[Event "Sydney International Open"]
[Site "Parramatta, NSW"]
[Date "2010.04.10"]
[Round "7.32"]
[White "Ruan, Jack"]
[Black "Cheung, Benjamin"]
[Result "1-0"]
[WhiteElo "1896"]
[BlackElo "1946"]
[PlyCount "67"]
[EventDate "2010.04.07"]
[EventType "swiss"]
[EventRounds "9"]
[EventCountry "AUS"]
[SourceDate "2010.04.07"]

1. d4 d5 2. c4 e5 3. dxe5 d4 4. Nf3 Nc6 5. a3 Nge7 6. b4 Ng6 7. Bb2 Ngxe5 8.
Nxe5 Nxe5 9. e3 c5 10. exd4 cxd4 11. Qxd4 Qxd4 12. Bxd4 Nc6 13. Bb2 Be6 14. Be2
O-O-O 15. Nd2 Be7 16. Nf3 Rhe8 17. O-O g5 18. Rfd1 g4 19. Ne5 Nxe5 20. Bxe5
Rxd1+ 21. Rxd1 h5 22. f3 a5 23. Bd6 Bxd6 24. Rxd6 axb4 25. axb4 Kc7 26. c5 Bf5
27. Kf2 Re6 28. fxg4 hxg4 29. Rxe6 fxe6 30. Kg3 Kc6 31. Bxg4 Bxg4 32. Kxg4 Kd5
33. h4 e5 34. Kf3 1-0

[Event "Sydney International Open"]
[Site "Parramatta, NSW"]
[Date "2010.04.10"]
[Round "7.33"]
[White "Wang, Oscar"]
[Black "Buciu, Aurel John"]
[Result "1-0"]
[WhiteElo "1943"]
[BlackElo "1701"]
[PlyCount "119"]
[EventDate "2010.04.07"]
[EventType "swiss"]
[EventRounds "9"]
[EventCountry "AUS"]
[SourceDate "2010.04.07"]

1. d4 d5 2. Nf3 Bf5 3. c4 c6 4. Nc3 e6 5. Bf4 Nf6 6. Qb3 Qc8 7. e3 Be7 8. Be2
Nbd7 9. O-O Ne4 10. Nxe4 Bxe4 11. Ne5 O-O 12. c5 Bf6 13. Ng4 Be7 14. f3 Bf5 15.
Nf2 h6 16. Bd3 Bxd3 17. Qxd3 f5 18. Qd2 Kh7 19. Nd3 Bf6 20. Bd6 Re8 {
Black offered a draw.} 21. Qc3 Be7 22. Bg3 Bf6 23. b4 b5 24. a4 a6 25. Rf2 Qb7
26. Ra3 Bg5 27. Re2 Bf6 28. Rea2 Bg5 29. Kf2 Bf6 30. Qa1 bxa4 31. Rxa4 Qb5 32.
Qc3 Kg6 33. Ra5 Qb7 34. Qa3 Nb8 35. Ke2 Bd8 36. Ra4 Bc7 37. Ne5+ Kf6 38. Kf2
Rg8 39. h3 Re8 {Black offered a draw.} 40. Bh2 Rg8 41. Kg1 h5 42. Qc3 g6 43.
Qe1 Rh8 44. Bf4 Bxe5 45. Bxe5+ Kf7 46. Bxh8 Nd7 47. Be5 Nxe5 48. dxe5 Qb5 49.
Qc3 h4 50. Ra5 Qb7 51. R2a4 g5 52. Qd3 Qb8 53. f4 Kg6 54. Rxa6 Rxa6 55. Qxa6
gxf4 56. exf4 d4 57. Qxc6 d3 58. Qxe6+ Kg7 59. Qd7+ Kg6 60. Ra6+ 1-0

[Event "Sydney International Open"]
[Site "Parramatta, NSW"]
[Date "2010.04.10"]
[Round "7.34"]
[White "Kumar, Manoj"]
[Black "Ruan, Harry"]
[Result "1/2-1/2"]
[WhiteElo "2040"]
[BlackElo "1801"]
[PlyCount "85"]
[EventDate "2010.04.07"]
[EventType "swiss"]
[EventRounds "9"]
[EventCountry "AUS"]
[SourceDate "2010.04.07"]

1. d4 d5 2. c4 e6 3. Nc3 Nf6 4. Bg5 Be7 5. e3 O-O 6. cxd5 exd5 7. Qc2 h6 8. Bh4
c6 9. Bd3 Nbd7 10. Nf3 Nb6 11. O-O Re8 12. Ne5 Ng4 13. Bh7+ Kf8 14. Nxg4 Bxh4
15. Ne5 Rxe5 16. dxe5 g6 17. Bxg6 fxg6 18. Qxg6 Qg5 19. Qd6+ Kg7 20. f4 Qg6 21.
Qc7+ Qf7 22. Qxf7+ Kxf7 23. b3 Bf5 24. g3 Be7 25. Kg2 Bc5 26. Kf3 Bb4 27. Rac1
Ba3 28. Rcd1 Rg8 29. Ne2 Be4+ 30. Kf2 Bc5 31. Nd4 Bxd4 32. exd4 Ke6 33. Rg1 Bf5
34. h3 h5 35. Rh1 Rg6 36. Rdg1 Nc8 37. g4 hxg4 38. hxg4 Rxg4 39. Rh6+ Kd7 40.
Rxg4 Bxg4 41. Rh4 Be6 42. Rh7+ Ne7 43. Ke2 1/2-1/2

[Event "Sydney International Open"]
[Site "Parramatta, NSW"]
[Date "2010.04.10"]
[Round "7.35"]
[White "Descallar, Levi"]
[Black "Lester, George"]
[Result "1-0"]
[WhiteElo "1979"]
[BlackElo "1887"]
[PlyCount "85"]
[EventDate "2010.04.07"]
[EventType "swiss"]
[EventRounds "9"]
[EventCountry "AUS"]
[SourceDate "2010.04.07"]

1. d4 Nf6 2. Nf3 g6 3. Nc3 d5 4. Bf4 Bg7 5. e3 O-O 6. Be2 c6 7. O-O Nbd7 8. Qd3
c5 9. Rad1 cxd4 10. exd4 Nb6 11. Qd2 Bf5 12. Bd3 Bxd3 13. Qxd3 Nc4 14. Rb1 Nh5
15. Bg5 Qd6 16. b3 Nb6 17. Rfe1 e6 18. Nb5 Qb8 19. g3 a6 20. Nc3 Nd7 21. Na4 b5
22. Nc5 Nxc5 23. dxc5 Qc7 24. b4 Rfe8 25. Be3 Rad8 26. Bg5 f6 27. Bc1 e5 28.
Qe2 f5 29. Bb2 d4 30. Rbd1 Qf7 31. c3 dxc3 32. Rxd8 Rxd8 33. Bxc3 e4 34. Ng5
Qd5 35. Bxg7 Nxg7 36. Qb2 a5 37. bxa5 h6 38. Nh3 Qxc5 39. Nf4 Rd6 40. Rc1 Qa7
41. Qb3+ Kh7 42. Rc8 h5 43. h4 1-0

[Event "Sydney International Open"]
[Site "Parramatta, NSW"]
[Date "2010.04.10"]
[Round "7.36"]
[White "Ansell, Alan"]
[Black "Encel, Benjamin"]
[Result "1-0"]
[WhiteElo "1968"]
[BlackElo "1884"]
[PlyCount "63"]
[EventDate "2010.04.07"]
[EventType "swiss"]
[EventRounds "9"]
[EventCountry "AUS"]
[SourceDate "2010.04.07"]

1. d4 Nf6 2. Nf3 e6 3. e3 c5 4. Bd3 d5 5. b3 Nc6 6. O-O Be7 7. Bb2 cxd4 8. exd4
O-O 9. a3 a6 10. Nbd2 b5 11. Ne5 Bb7 12. f4 Nd7 13. Rf3 f5 14. Nxc6 Bxc6 15.
Qe2 Rf6 16. Re3 Nf8 17. Nf3 h6 18. Ne5 Be8 19. c4 bxc4 20. bxc4 Qa5 21. cxd5
exd5 22. Nc4 dxc4 23. Bxc4+ Bf7 24. Rxe7 Rc8 25. Qe5 Qb6 26. Bxf7+ Rxf7 27.
Rxf7 Kxf7 28. Qxf5+ Kg8 29. Qxc8 Qxb2 30. Qc4+ Kh8 31. Re1 Qxa3 32. Qc5 1-0

[Event "Sydney International Open"]
[Site "Parramatta, NSW"]
[Date "2010.04.10"]
[Round "7.37"]
[White "Goundar, Sanmogam"]
[Black "Brockman, Roland"]
[Result "1-0"]
[WhiteElo "1929"]
[BlackElo "1743"]
[PlyCount "77"]
[EventDate "2010.04.07"]
[EventType "swiss"]
[EventRounds "9"]
[EventCountry "AUS"]
[SourceDate "2010.04.07"]

1. d4 d5 2. c4 e6 3. Nc3 Be7 4. Nf3 Nf6 5. Bg5 h6 6. Bh4 O-O 7. Ne5 dxc4 8. e3
Nd5 9. Bxe7 Qxe7 10. Nxc4 Nxc3 11. bxc3 Rd8 12. Bd3 c5 13. O-O cxd4 14. exd4
Nc6 15. Re1 Qc7 16. Rc1 Bd7 17. Bb1 Ne7 18. Qd3 g6 19. Ne5 Kg7 20. g4 Rac8 21.
c4 Be8 22. h4 Nc6 23. Nxc6 Qxc6 24. d5 exd5 25. cxd5 Qxc1 26. Rxc1 Rxc1+ 27.
Kg2 Bc6 28. Qd4+ Kh7 29. Be4 a6 30. Qf6 Rd7 31. dxc6 bxc6 32. Bxc6 Rc7 33. Bd5
R1c2 34. Bxf7 R2c6 35. Bxg6+ Kg8 36. Qf5 Rc5 37. Qe6+ Kg7 38. Be4 Rc4 39. Qg6+
1-0

[Event "Sydney International Open"]
[Site "Parramatta, NSW"]
[Date "2010.04.10"]
[Round "7.38"]
[White "Barisic, Frank"]
[Black "Voon, Richard"]
[Result "0-1"]
[WhiteElo "1833"]
[BlackElo "1915"]
[PlyCount "116"]
[EventDate "2010.04.07"]
[EventType "swiss"]
[EventRounds "9"]
[EventCountry "AUS"]
[SourceDate "2010.04.07"]

1. e4 c5 2. Nf3 d6 3. d4 cxd4 4. Nxd4 Nf6 5. Nc3 a6 6. h3 b5 7. Bd3 Bb7 8. a3
g6 9. Be3 Bg7 10. Qd2 Nbd7 11. O-O O-O 12. f3 Re8 13. Rfe1 Rc8 14. Kh1 Ne5 15.
f4 Nc4 16. Qc1 Nxe3 17. Qxe3 Nd7 18. Rac1 Nb6 19. Nce2 Nc4 20. Bxc4 Rxc4 21. c3
e5 22. fxe5 dxe5 23. Nf3 Rxe4 24. Qd2 Qxd2 25. Nxd2 Re3 26. Ng1 Bh6 27. Nf1
Rxe1 28. Rxe1 e4 29. Ne3 f5 30. Kh2 Rd8 31. Rd1 Rd3 32. Rxd3 exd3 33. Nd1 Bc1
34. Nf3 Kg7 35. Kg3 Kf6 36. Kf2 g5 37. Nd4 Bd5 38. g3 f4 39. gxf4 gxf4 40. Nf3
Kf5 41. Ne1 Ke4 42. Kf1 d2 43. Nf2+ Kf5 44. Ned3 Bc4 45. Ke2 Bxb2 46. Kxd2 Bxa3
47. Nb4 a5 48. Nc2 Bc5 49. Nd3 Bb6 50. Na3 Ke4 51. Nxc4 bxc4 52. Nb2 Kd5 53.
Ke2 Be3 54. Na4 Kc6 55. Nb2 Kb5 56. Nd1 Bc1 57. Nf2 Ka4 58. Kd1 Be3 0-1

[Event "Sydney International Open"]
[Site "Parramatta, NSW"]
[Date "2010.04.10"]
[Round "8.1"]
[White "Bojkov, Dejan"]
[Black "Zhao, Zong Yuan"]
[Result "0-1"]
[WhiteElo "2505"]
[BlackElo "2592"]
[PlyCount "120"]
[EventDate "2010.04.07"]
[EventType "swiss"]
[EventRounds "9"]
[EventCountry "AUS"]
[SourceDate "2010.04.07"]

1. e4 e6 2. d3 c5 3. Nf3 Nc6 4. g3 g6 5. Bg2 Bg7 6. O-O Nge7 7. Re1 d6 8. c3 e5
9. a3 a5 10. a4 O-O 11. Na3 Kh8 12. Nb5 f5 13. exf5 gxf5 14. d4 cxd4 15. cxd4
e4 16. Ng5 h6 17. Qh5 Kg8 18. Nh3 Rf6 19. Nf4 Bd7 20. Qd1 Nb4 21. Bd2 Kh7 22.
Bf1 Nbd5 23. Nh5 Rg6 24. Nxg7 Kxg7 25. f3 e3 26. Bxe3 {White offered a draw.}
Nxe3 27. Rxe3 f4 28. Re2 fxg3 29. hxg3 Rxg3+ 30. Rg2 Rxg2+ 31. Bxg2 Nf5 32. Qd2
Qf6 33. d5 Kh7 34. Rc1 Rg8 35. Rc7 Rg7 36. Qc2 Kg8 37. Rxd7 Rxd7 38. Qc8+ Qd8
39. Qxd8+ Rxd8 40. Bh3 Ne3 41. b3 Kf7 42. Be6+ Kf6 43. Kf2 Nf5 44. f4 Ng7 45.
Bg4 h5 46. Be2 h4 47. Bg4 Nf5 48. Kf3 Nh6 49. Be6 Nf5 50. Kg2 b6 51. Kh3 Ng7
52. Bg4 Nf5 53. Kh2 Rg8 54. Kh3 Rg7 55. Nc3 Re7 56. Bxf5 Kxf5 57. Nb5 Kxf4 58.
Nxd6 Re3+ 59. Kxh4 Rxb3 60. Nf7 Ke4 0-1

[Event "Sydney International Open"]
[Site "Parramatta, NSW"]
[Date "2010.04.10"]
[Round "8.2"]
[White "Fernandez, Daniel Howard"]
[Black "Chao, Li"]
[Result "1/2-1/2"]
[WhiteElo "2299"]
[BlackElo "2613"]
[Annotator "Lukey,S"]
[PlyCount "71"]
[EventDate "2010.04.07"]
[EventType "swiss"]
[EventRounds "9"]
[EventCountry "AUS"]
[SourceDate "2010.04.07"]

1. e4 c5 2. Nf3 d6 3. Nc3 Nc6 4. d4 cxd4 5. Nxd4 Nf6 6. Bc4 Bd7 7. O-O g6 8. h3
Bg7 9. Be3 O-O 10. Re1 Rc8 11. Bb3 Qa5 12. Nd5 Nxd5 13. exd5 Ne5 14. c3 Rfe8
15. Qd2 b5 16. Bh6 Bh8 17. Re4 Nc4 18. Bxc4 bxc4 19. Rae1 Bf6 20. Nf3 Bf5 21.
Rf4 Rc5 22. Rd1 Rb8 23. g4 Bd3 24. Rxf6 exf6 25. Qf4 Qd8 26. Nd4 (26. Re1 {
idea 27.Re8+}) 26... g5 (26... Rxb2 27. Re1 Rb1 (27... f5 28. Qxd6 $1 $18) 28.
Rxb1 Bxb1 29. Nc6 $18) 27. Qf3 Qe7 28. b4 Rc7 29. Nc6 Rxc6 30. dxc6 Re8 (30...
Rc8 31. c7 $1) 31. c7 d5 32. Qe3 Qxe3 33. fxe3 Rc8 34. a4 Rxc7 35. b5 Rb7 36.
Rd2 1/2-1/2

[Event "Sydney International Open"]
[Site "Parramatta, NSW"]
[Date "2010.04.10"]
[Round "8.4"]
[White "Macak, Stefan"]
[Black "Malaniuk, Vladimir"]
[Result "1/2-1/2"]
[WhiteElo "2470"]
[BlackElo "2592"]
[PlyCount "29"]
[EventDate "2010.04.07"]
[EventType "swiss"]
[EventRounds "9"]
[EventCountry "AUS"]
[SourceDate "2010.04.07"]

1. e4 e5 2. Nf3 Nc6 3. d4 exd4 4. Nxd4 Bc5 5. Nxc6 Qf6 6. Qf3 bxc6 7. Nd2 d6 8.
Bd3 Qxf3 9. Nxf3 Ne7 10. h3 Ng6 11. O-O O-O 12. Re1 Re8 13. Be3 Bb6 14. Bd2 f6
15. a4 1/2-1/2